00855nam a2200217 a 450000500170000000800410001702000150005804100080007309200170008110000290009824500660012725000380019326000380023130000100026950001070027959000390038665300160042594200120044199900150045395201690046820240412131244.0100309s1991||||ag 0f0 S S0 S spa d a9507510001 aspa c172l32sHAB1 aHabermas, Jürgen93151 aSobre la relacion entre politica y moral /cJürgen Habermas a1a ed.bTraduccion Daniel Leserre aBuenos Aires: bAlmagesto;c1991. a44 p. aHabermas, J. (1991). Sobre la relación entre política y moral. (1a ed.). Buenos Aires : Almagesto. aDonación Dora Vera, febrero 2017 aFilosofía 2ddccBK c2362d2362 00102ddc4070aBFMbBFMcCRd2017-03-02eDonacion Dora Vera, febrero 2017l0o172 32 HABp3786r2017-03-02tEj.1w2017-03-02yBKzDonacion Dora Vera, febrero 2017